| 000 | 00794nam a22002177a 4500 | ||
|---|---|---|---|
| 999 |
_c370942 _d370942 |
||
| 008 | 201130b ||||| |||| 00| 0 eng d | ||
| 040 |
_bger _cDE-2950 _erda _aDE-2950 |
||
| 041 | _ager | ||
| 245 |
_aAgentur für Arbeit und Uni kooperieren. _bZusammenarbeit: Die Arbeitsagentur hat Stellen für Akademiker, die Viadrina sucht Studieninteressenten./ _cred/nmw. |
||
| 264 | _c2021 | ||
| 653 | _aFrankfurt (Oder) | ||
| 653 | _aAgentur für Arbeit | ||
| 653 | _aEuropa-Universität Viadrina | ||
| 653 | _aKooperation | ||
| 653 | _aArbeitsmarkt | ||
| 773 |
_dFrankfurt (Oder): Märkisches Verlags- und Druckhaus GmbH & Co KG _g32. Jahrgang (2021) Nr. 238 vom 12.10.2021, S. 13 _tMärkische Oderzeitung |
||
| 942 | _cA | ||